000 00402ntaaa2200169 4500
003 01
005 20251027201949.0
008 0714s1973 ag 01
040 _aAR-BaBN
_bspa
_cAR-BaBN
_eaacr
_dRIC
082 _a248.0000 R63
100 _aRogers, Dale Evans
245 _aAngel unaware
250 _a1 ed. :
_bF. H. Revell,
_cc1953
300 _a63 p.
650 _aVida Espiritual
_9658
942 _cBK
999 _c14366
_d14366